• 首页
  • 本馆介绍
  • 公告通知
  • 最新文献
  • 馆藏检索
  • 电子资源
  • 读者导购
  • 参考咨询
  • 我的图书馆
  • 登录
  • 详细信息显示
  • 放入我的书架
  • 预约/预借图书
  • 作者相关作品
  • 分类相关作品
  • 丛书相关作品
  • 出版社相关作品

书目信息

  • 表格格式
  • 工作单格式
  • 卡片格式
题名:
家具创意设计中的民间艺术表现
    
 
作者: 刘玉寒 著
分册:  
出版信息: 长春   吉林美术出版社  2019
页数: 235页
开本: 21cm
丛书名:
单 册:
中图分类: J193 , TS664.01
科图分类:
主题词: 民间艺术--min jian yi shu--应用--家具--设计--研究
电子资源:
ISBN: 978-7-5575-3605-3
000 00949nam0 2200265 450
001 012001007573
005 20131021084821.0
010    @a978-7-5575-3605-3@dCNY30.00
099    @aCAL 012019030195
100    @a20190308d2019 em y0chiy50 ea
101 0  @achi
102    @aCN@b220000
105    @ay a 000yy
106    @ar
200 1  @a家具创意设计中的民间艺术表现@Ajia ju chuang yi she ji zhong de min jian yi shu biao xian@f刘玉寒著
210    @a长春@c吉林美术出版社@d2019
215    @a235页@d21cm
320    @a有书目 (第233-235页)
330    @a本书从家具创意设计的内涵、要素、类型、特质以及现实意义等多个方面对家具创意设计进行了概述, 进一步从家具创意设计的风格、思维成因以及思维方法探讨了家具创意设计的一般思维。
606 0  @a民间艺术@Amin jian yi shu@x应用@x家具@x设计@x研究
690    @aJ193@v5
690    @aTS664.01@v5
701  0 @a刘玉寒@Aliu yu han@4著
801  0 @aCN@b上海新华@c20191020
905    @b1180013-6@dJ193@e156@f4
    
    家具创意设计中的民间艺术表现/刘玉寒著.-长春:吉林美术出版社,2019
    235页;21cm
    
    
    ISBN 978-7-5575-3605-3:CNY30.00
    本书从家具创意设计的内涵、要素、类型、特质以及现实意义等多个方面对家具创意设计进行了概述, 进一步从家具创意设计的风格、思维成因以及思维方法探讨了家具创意设计的一般思维。
●
相关链接 在E读中查询图书 在五车中查询图书 在当当中查询图书 在豆瓣中查询图书


正题名:家具创意设计中的民间艺术表现     索取号:J193/156         预约/预借

序号 登录号 条形码 馆藏地/架位号 状态 备注
1 1180013   211800130   第一样本阅览室/ [索取号:J193/156] 在馆    
2 1180014   211800149   第一借阅区/ [索取号:J193/156] 在馆    
3 1180015   211800158   第一借阅区/ [索取号:J193/156] 在馆    
4 1180016   211800167   第一借阅区/ [索取号:J193/156] 在馆    
唐山师范学院图书馆 欢迎您!
大连网信软件有限公司© 版权所有